F1 Teams With The Most Wins - Statistics

General Stats
  • This quiz has been taken 97 times
  • The average score is 20 of 37
Answer Stats
Constructor Wins % Correct
1 Ferrari 242*
100%
2 McLaren 183*
100%
3 Mercedes 124*
98%
5 Red Bull 85*
96%
4 Williams 114*
94%
6 Lotus 81
88%
8 Renault 35
88%
37 Alpine 1*
80%
13 Alfa Romeo 10*
73%
7 Brabham 35
71%
9 Benetton 27
67%
35 AlphaTauri 1*
66%
10 Tyrrell 23
65%
34 Toro Rosso 1
64%
20 Jordan 4
62%
33 BMW Sauber 1
60%
11 BRM 17
60%
12 Cooper 16
59%
16 Matra 9
59%
15 Vanwall 9
56%
24 Honda 3
53%
36 Racing Point 1
53%
18 Brawn GP 8
49%
14 Maserati 9
49%
17 Ligier 9
47%
32 Stewart 1
40%
27 Porsche 1
38%
29 Hesketh 1
33%
22 March 3
29%
23 Wolf 3
28%
31 Shadow 1
22%
30 Penske 1
21%
28 Eagle 1
14%
19 Kurtis Kraft 5
13%
21 Watson 3
9%
25 Epperly 2
8%
26 Kuzma 1
6%
No matching quizzes found
Score Distribution
Percent of People with Each Score
Percentile by Number Answered
Your Score History
You have not taken this quiz